000
00316nam a22001337a 4500
008
181204b xxu||||| |||| 00| 0 eng d
020
_a
9780918949158
041
_a
eng
080
_a
316
100
_a
50
101
_a
SOC
245
_a
When i Ama An Old Woman Ishail Wear Purple
_c
Sandra.m
942
_2
udc
_c
BK
999
_c
52756
_d
52756